000 00578cam a22001931 4500
001 f 01002144
003 DLC
005 20260227111242.0
008 761208s1896 xx 000 0 fre
010 _af 01002144
035 _a(OCoLC)2607453
040 _aDLC
_cNNCU-G
_dDLC
042 _apremarc
050 0 0 _aPQ2337.L3
_bA17
100 1 _aLemaître, Jules,
_d1853-1914.
245 0 0 _aPoésies de Jules Lemaître.
_bLes médaillons.--Petites orientales.--Une méprise.--Au jour le jour.
260 _aParis,
_bA. Lemerre,
_c1896.
300 _a279 p.
_bfront. (port)
_c16 cm.
999 _c22730
_d22730